| 000 | 00621nam a2200157 a 4500 | ||
|---|---|---|---|
| 008 | 120416s1966 ||||||||||||||||| || u | ||
| 050 | _aHC 885 Rea | ||
| 100 | _aSmith, Hadley C | ||
| 245 | 1 | 0 |
_aReading on economic development and administration in Tanzania. _cHadley C. Smith |
| 260 |
_aDar es slaam _bInstitute of Public Administration, the _c1966 |
||
| 300 | _aviii,598p. | ||
| 350 | _a0.00 | ||
| 650 | 0 | _aECONOMICS | |
| 650 | _aECONOMIC DEVELOPMENT--TANZANIA | ||
| 995 |
_D0.00 _FCBU-MAIN LIBRARY (Kitwe) _H1 _I0.00 _M1 _UAVAILABLE _ZAnnex Low-Usage Collection |
||
| 999 |
_c55648 _d55648 |
||